| 000 | 00964cam4a220021700 4500 | ||
|---|---|---|---|
| 001 | qcf00337086 | ||
| 005 | 20190830120847.0 | ||
| 008 | 781120s1841 po 000 0 por d | ||
| 035 | _a(Sirsi) r29153 | ||
| 035 | _a(QCAT)lss02145794 | ||
| 035 | _a(UPRA)qcf00337086 | ||
| 040 | _dUPRA | ||
| 100 | 1 |
_aAlmada, Andre Alvares d', fl. 1594. _dAlmada, Andre Alvares d', fl. 1594. _6A93473.1 |
|
| 245 | 1 | 0 |
_aTratado breve dos rios de Guine' do Cabo Verde : _bdesde o rio do Sanaga' Ate' aos baixos de Sant' Anna [etc.] 1594 / _cpub. por Diogo Kopke. |
| 260 |
_aPorto : _bTypographia commercial portuense, _c1841. |
||
| 651 | 0 |
_aGuinea-Bissau -- Description and travel. _xGuinea-Bissau -- Description and travel. _6S67015.1 |
|
| 651 | 0 |
_aCape Verde -- Description and travel. _xCape Verde -- Description and travel. _6S67016.1 |
|
| 700 | 1 |
_aKopke, Diogo, d. 1844. _dKopke, Diogo, d. 1844. _6A93474.1 |
|
| 949 |
_aDT613 _wlcc _i-31823 _mMAIN _tBOOK _lON-SHELF |
||
| 004 | 29153 | ||
| 999 |
_c196456 _d196456 |
||